League of Legends Champions (as of Sylas) - Statistics

General Stats
  • This quiz has been taken 161 times
    125 since last reset
  • The average score is 84 of 143
Answer Stats
Champion Ulti % Correct
Aatrox World Ender
96%
Amumu Curse of the Sad Mummy
94%
Annie Summon: Tibbers
94%
Ashe Enchanted Crystal Arrow
93%
Anivia Glacial Storm
89%
Ahri Spirit Rush
87%
Darius Noxian Guillotine
84%
Azir Emperor's Divide
83%
Garen Demacian Justice
83%
Gnar GNAR!
83%
Brand Pyroclasm
79%
Jinx Super Mega Death Rocket!
79%
Akali Perfect Execution
77%
Caitlyn Ace in the Hole
74%
Gangplank Cannon Barrage
74%
Cho'Gath Feast
73%
Elise Spider Form
73%
Lux Final Spark
73%
Alistar Unbreakable Will
71%
Diana Lunar Rush
71%
Heimerdinger UPGRADE!
71%
Ivern Daisy!
71%
Jhin Curtain Call
71%
Zed Death Mark
71%
Ekko Chronobreak
70%
Kha'Zix Void Assault
70%
Blitzcrank Static Field
69%
Braum Glacial Fissure
69%
Graves Collateral Damage
69%
Leona Solar Flare
69%
Thresh The Box
69%
Twisted Fate Destiny
69%
Vi Assault and Battery
69%
Fiddlesticks Crowstorm
67%
Fizz Churn the Waters
67%
Karthus Requiem
67%
Ornn Call of the Forge God
67%
Rengar Thrill of the Hunt
67%
Fiora Grand Challenge
66%
Karma Mantra
66%
Kled Chaaaaaaaarge!!!
66%
Lissandra Frozen Tomb
66%
Nocturne Paranoia
66%
Udyr Phoenix Stance
66%
Jax Grandmaster's Might
64%
Jayce Mercury Cannon / Hammer
64%
Nasus Fury of the Sands
64%
Nidalee Aspect of the Cougar
64%
Shyvana Dragon's Descent
64%
Tryndamere Undying Rage
64%
Draven Whirling Death
63%
Galio Hero's Entrance
63%
Kassadin Riftwalk
63%
Kayle Divine Judgement
63%
Miss Fortune Bullet Time
63%
Sylas Hijack
63%
Vel'Koz Life Form Disintegration Ray
63%
Gragas Explosive Cask
61%
Shaco Hallucinate
61%
Viktor Chaos Storm
61%
Ziggs Mega Inferno Bomb
61%
Katarina Death Lotus
60%
Olaf Ragnarok
60%
Renekton Dominus
60%
Aurelion Sol Voice of Light
59%
Cassiopeia Petrifying Gaze
59%
Jarvan IV Cataclysm
59%
Lee Sin Dragon's Rage
59%
Lucian The Culling
59%
Lulu Wild Growth
59%
Nami Tidal Wave
59%
Pyke Death from Below
59%
Tristana Buster Shot
59%
Zac Let's Bounce!
59%
Zyra Stranglethorns
59%
Ezreal Trueshot Barrage
57%
Leblanc Mimic
57%
Xerath Rite of the Arcane
57%
Yasuo Last Breath
57%
Zilean Chronoshift
57%
Camille The Hextech Ultimatum
56%
Corki Missile Barrage
56%
Kai'Sa Killer Instinct
56%
Morgana Soul Shackles
56%
Ryze Realm Warp
56%
Kindred Lamb's Respite
54%
Nautilus Depth Charge
54%
Pantheon Grand Skyfall
54%
Singed Insanity Potion
54%
Xayah Featherstorm
54%
Yorick Eulogy of the Isles
54%
Bard Tempered Fate
53%
Janna Moonsoon
53%
Nunu Absolute Zero
53%
Rek'Sai Void Rush
53%
Riven Blade of the Exile
53%
Sona Crescendo
53%
Teemo Noxious Trap
53%
Evelynn Last Caress
51%
Kog'Maw Living Artillery
51%
Malphite Unstoppable Force
51%
Maokai Nature's Grasp
51%
Shen Stand United
51%
Urgot Fear Beyond Death
51%
Zoe Portal Jump
51%
Hecarim Onslaught of Shadows
50%
Kayn Umbral Trespass
50%
Master Yi Highlander
50%
Mordekaiser Children of the Grave
50%
Sejuani Glacial Prison
50%
Warwick Infinite Duress
50%
Taric Cosmic Radiance
49%
Neeko Pop Blossom
47%
Orianna Shockwave
47%
Rumble The Equalizer
47%
Sion Unstoppable Onslaught
47%
Twitch Spray and Pray
47%
Dr. Mundo Sadism
46%
Malzahar Nether Grasp
46%
Quinn Behind Ennemy Lines
46%
Sivir On the Hunt
46%
Soraka Wish
46%
Talon Shadow Assault
46%
Irelia Vanguard's Edge
44%
Taliyah Weaver's Wall
44%
Vladimir Hemoplague
44%
Rakan The Quickness
43%
Rammus Tremors
43%
Varus Chain of Corruption
43%
Vayne Final Hour
43%
Volibear Thunder Claws
43%
Xin Zhao Crescent Guard
41%
Kennen Slicing Maelstrom
40%
Skarner Impale
40%
Syndra Unleashed Power
40%
Trundle Subjugate
39%
Poppy Keeper's Verdict
37%
Swain Demonic Ascension
36%
Illaoi Leap of Faith
34%
Kalista Fate's Call
34%
Tahm Kench Abyssal Voyage
34%
Veigar Primordial Burst
33%
Wukong Cyclone
33%
No matching quizzes found
Score Distribution
Percent of People with Each Score
Percentile by Number Answered
Your Score History
You have not taken this quiz since the last reset